000
00284nam a2200109Ia 4500
008
200302s9999 xx 000 0 und d
100
_a
David Martin
245
_a
Specification 82 Bulding Methods and products 3
260
_b
The Architectural Press.
260
_c
1982
300
_a
308 p.,
999
_c
354
_d
354